<?xml version="1.0" encoding="UTF-8"?>
<record
    xmlns:xsi="http://www.w3.org/2001/XMLSchema-instance"
    xsi:schemaLocation="http://www.loc.gov/MARC21/slim http://www.loc.gov/standards/marcxml/schema/MARC21slim.xsd"
    xmlns="http://www.loc.gov/MARC21/slim">

  <leader>02236nam a2200421 u 4500</leader>
  <controlfield tag="001">967723</controlfield>
  <controlfield tag="005">20260506160017.0</controlfield>
  <controlfield tag="007">co|||||||</controlfield>
  <controlfield tag="008">060317s2006                        spa  </controlfield>
  <datafield tag="035" ind1=" " ind2=" ">
    <subfield code="a">967723</subfield>
  </datafield>
  <datafield tag="040" ind1=" " ind2=" ">
    <subfield code="c">comduadb</subfield>
  </datafield>
  <datafield tag="041" ind1=" " ind2=" ">
    <subfield code="a">spa</subfield>
  </datafield>
  <datafield tag="080" ind1=" " ind2=" ">
    <subfield code="a">V/CD</subfield>
  </datafield>
  <datafield tag="082" ind1=" " ind2="4">
    <subfield code="a">307</subfield>
  </datafield>
  <datafield tag="100" ind1="1" ind2="0">
    <subfield code="a">Arias Grajales, Roger Alonso</subfield>
    <subfield code="4">aut</subfield>
    <subfield code="e">aut</subfield>
    <subfield code="9">413379</subfield>
  </datafield>
  <datafield tag="245" ind1="1" ind2="0">
    <subfield code="a">De quien es la ciudad : una lectura de las relaciones de poder en el centro de la ciudad de Medellin desde la mirada de sus habitantes cotidianos</subfield>
  </datafield>
  <datafield tag="260" ind1=" " ind2=" ">
    <subfield code="a">Medell&#xED;n :</subfield>
    <subfield code="b">[sin publicador],</subfield>
    <subfield code="c">2006.</subfield>
  </datafield>
  <datafield tag="300" ind1=" " ind2=" ">
    <subfield code="a">1 CD ROM</subfield>
  </datafield>
  <datafield tag="520" ind1="3" ind2=" ">
    <subfield code="a">Este trabajo presenta de un modo panor&#xE1;mico y retrospectivo &#x96;en algunos temas- un punto de vista sobre la forma en que se configura el espacio urbano y simb&#xF3;lico de la ciudad teniendo como base la mirada de actores cotidianos taxistas, venteros ambulantes, transe&#xFA;ntes- sobre la realidad. Se construye a trav&#xE9;s de ellos tambi&#xE9;n algunos relatos que dan cuenta sobre los micropoderes de la ciudad de Medell&#xED;n que servir&#xE1;n luego para hacer una contrastaci&#xF3;n entre la ciudad planeada institucionalmente y la ciudad pensada y vivida por sus habitantes. Se hace &#xE9;nfasis adem&#xE1;s en c&#xF3;mo estas circunstancias definen relaciones de poder que, a su vez, influyen en las diferentes visiones sobre proyectos de ciudad.</subfield>
  </datafield>
  <datafield tag="650" ind1=" " ind2="7">
    <subfield code="a">Geograf&#xED;a</subfield>
    <subfield code="2">lemb</subfield>
    <subfield code="9">29405</subfield>
  </datafield>
  <datafield tag="650" ind1=" " ind2=" ">
    <subfield code="a">Medell&#xED;n (Antioquia)</subfield>
    <subfield code="9">36127</subfield>
  </datafield>
  <datafield tag="650" ind1=" " ind2="7">
    <subfield code="a">Espacio urbano</subfield>
    <subfield code="2">lemb</subfield>
    <subfield code="9">141032</subfield>
  </datafield>
  <datafield tag="650" ind1=" " ind2=" ">
    <subfield code="a">Centro de la Ciudad - Medell&#xED;n</subfield>
    <subfield code="9">14583</subfield>
  </datafield>
  <datafield tag="650" ind1=" " ind2=" ">
    <subfield code="a">Relaciones de poder</subfield>
    <subfield code="9">86954</subfield>
  </datafield>
  <datafield tag="650" ind1=" " ind2=" ">
    <subfield code="a">Identidad urbana</subfield>
    <subfield code="9">27394</subfield>
  </datafield>
  <datafield tag="650" ind1=" " ind2=" ">
    <subfield code="a">Modernizaci&#xF3;n - Colombia</subfield>
    <subfield code="9">50284</subfield>
  </datafield>
  <datafield tag="650" ind1=" " ind2=" ">
    <subfield code="a">Narcotr&#xE1;fico - Medell&#xED;n (Antioquia)</subfield>
    <subfield code="9">68238</subfield>
  </datafield>
  <datafield tag="650" ind1=" " ind2=" ">
    <subfield code="a">Paramilitarismo - Medell&#xED;n (Colombia)</subfield>
    <subfield code="9">155597</subfield>
  </datafield>
  <datafield tag="650" ind1=" " ind2="7">
    <subfield code="a">Ordenamiento territorial</subfield>
    <subfield code="z">Medell&#xED;n (Antioquia, Colombia)</subfield>
    <subfield code="2">lemb</subfield>
    <subfield code="9">111461</subfield>
  </datafield>
  <datafield tag="650" ind1=" " ind2=" ">
    <subfield code="a">Guerrillas urbanas - Medell&#xED;n</subfield>
    <subfield code="9">69980</subfield>
  </datafield>
  <datafield tag="650" ind1=" " ind2=" ">
    <subfield code="a">Medell&#xED;n (Antioquia) - Sociolog&#xED;a</subfield>
    <subfield code="9">122559</subfield>
  </datafield>
  <datafield tag="650" ind1=" " ind2=" ">
    <subfield code="a">Espacio p&#xFA;blico - Medell&#xED;n (Antioquia, Colombia)</subfield>
    <subfield code="9">13004</subfield>
  </datafield>
  <datafield tag="650" ind1=" " ind2="0">
    <subfield code="a">Conflicto urbano - Medell&#xED;n (Antioquia, Colombia)</subfield>
    <subfield code="9">146540</subfield>
  </datafield>
  <datafield tag="650" ind1=" " ind2="7">
    <subfield code="a">Ciudades y pueblos</subfield>
    <subfield code="2">lemb</subfield>
    <subfield code="9">4624</subfield>
  </datafield>
  <datafield tag="942" ind1=" " ind2=" ">
    <subfield code="c">TESIS</subfield>
  </datafield>
  <datafield tag="999" ind1=" " ind2=" ">
    <subfield code="c">374984</subfield>
    <subfield code="d">374984</subfield>
  </datafield>
  <datafield tag="502" ind1=" " ind2=" ">
    <subfield code="b">106</subfield>
    <subfield code="c">12</subfield>
  </datafield>
  <datafield tag="526" ind1=" " ind2=" ">
    <subfield code="a">107</subfield>
  </datafield>
  <datafield tag="952" ind1=" " ind2=" ">
    <subfield code="0">0</subfield>
    <subfield code="1">0</subfield>
    <subfield code="4">0</subfield>
    <subfield code="7">0</subfield>
    <subfield code="8">TESDIGBC</subfield>
    <subfield code="a">BC</subfield>
    <subfield code="b">BC</subfield>
    <subfield code="d">2006-03-17</subfield>
    <subfield code="e">Material adquirido por donaci&#xF3;n</subfield>
    <subfield code="i">C899066</subfield>
    <subfield code="l">0</subfield>
    <subfield code="o">307.76 A696 CD-ROM</subfield>
    <subfield code="p">0588763</subfield>
    <subfield code="r">2023-04-26 00:00:00</subfield>
    <subfield code="t">1</subfield>
    <subfield code="w">2023-04-26</subfield>
    <subfield code="y">DIGITAL</subfield>
  </datafield>
  <datafield tag="952" ind1=" " ind2=" ">
    <subfield code="0">0</subfield>
    <subfield code="1">0</subfield>
    <subfield code="4">0</subfield>
    <subfield code="7">0</subfield>
    <subfield code="8">DIGITAL</subfield>
    <subfield code="a">CISH</subfield>
    <subfield code="b">CISH</subfield>
    <subfield code="d">2006-05-11</subfield>
    <subfield code="i">C905269</subfield>
    <subfield code="l">0</subfield>
    <subfield code="o">V/CD-06046</subfield>
    <subfield code="p">0617495</subfield>
    <subfield code="r">2023-04-26 00:00:00</subfield>
    <subfield code="t">1</subfield>
    <subfield code="w">2023-04-26</subfield>
    <subfield code="y">DIGITAL</subfield>
  </datafield>
</record>
